000 01042nam a2200325 i 4500
003 CO-BoRNBP
005 20250304160423.0
007 ta
008 231009t2019 ck |||g| 001 0|spa |
020 _a9789584278326
020 _a9584278320
040 _aCO-BoRNBP
_bspa
_erda
_cCO-BoRNBP
041 0 _hspa
082 0 4 _a613
_bR36c
100 1 _aRios, Carlos
_d1991-
_eautor
_959078
245 1 0 _aCome comida real
_buna guía para transformar tu alimentación y tu salud /
_cCarlos Ríos
250 _aPrimera edición
264 1 _aBogotá, Colombia
_bPlaneta Colombiana
_c2019
300 _a315 páginas
_c23 cm
336 _atexto
_btxt
_2rdacontent
337 _asin mediación
_bn
_2rdamedia
338 _avolumen
_bnc
_2rdacarrier
490 0 _aPaidós divulgación
500 _aIncluye índice
505 0 _aPrimera parte: Los ultraprocesados. -- Segunda parte: Come comida real
650 1 7 _aNutrición
_2LEMB
_959079
650 1 7 _aAlimentación
_2LEMB
_959080
650 1 7 _aCalidad de vida
_2LEMB
_912637
942 _2ddc
_cBK
999 _c57009
_d57009